| 000 | 00883cad a22002055a 4500 | ||
|---|---|---|---|
| 001 | L151179 | ||
| 008 | 101006s2010 xxk 000 0 eng d | ||
| 035 | _a(Sirsi) u151179 | ||
| 041 | 0 | _aeng | |
| 100 | 1 | _aPanambalana, Dion | |
| 245 | 0 | 0 |
_aManaging the risks of development _ba brief guide _h[electronic resource] |
| 260 | _c2010 | ||
| 490 | 0 |
_aHogan Lovells Real Estate Quarterly _vAutumn 2010, 12(1) |
|
| 520 | _aConsiders the principles of development management and how it allocates the various risks inherent in construction projects; a table of "traditional" development management risks analysis. | ||
| 590 | _aKA NTK | ||
| 651 | 4 |
_aUnited Kingdom _y |
|
| 690 |
_aConstruction management _96230 |
||
| 856 | 4 | 8 |
_uhttps://links.cecollect.com/310/9201/Managing%20the%20risks%20of%20development6.pdf _zView the website free of charge at http://links.cecollect.com |
| 942 | _n0 | ||
| 999 |
_c82724 _d82724 |
||